Networks and Network Analysis for Defence and Security (رقم التسجيلة. 37257)
[ عرض عادي ]
| 000 -فاتح التسجيلة | |
|---|---|
| الفاتح | 03826 a2200373 4500 |
| 008 - عناصر البيانات ثابتة الطول | |
| عناصر البيانات ثابتة الطول | 131129s2014 enk g 000 0 eng d |
| 020 ## - ردمك | |
| ردمك | 9783319041476 |
| 020 ## - ردمك | |
| ردمك | 9783319041469 (print) |
| 082 04 - رقم تصنيف ديوي العشري | |
| رقم تصنيف ديوي | 621 |
| اصدار خطة التصنيف | 23 |
| رقم المادة | MAN |
| 100 1# - المؤلف - اسم شخصي (مدخل رئيسي) | |
| الاسم (اسم العائلة، الاسماء الاولى | Masys, Anthony J. |
| 245 10 - العنوان | |
| العنوان الفعلي | Networks and Network Analysis for Defence and Security |
| بيان المسئولية | edited by Anthony J. Masys. |
| 260 ## - بيانات النشر | |
| مكان النشر | London : |
| الناشر | Springer Inc., |
| التاريخ | 2014. |
| 300 ## - الوصف المادي | |
| التعداد | 287 p. ; |
| اﻷبعاد | 24 cm. |
| 490 1# - بيان السلسلة | |
| بيان السلسلة | Lecture Notes in Social Networks, |
| ردمد | 2190-5428 |
| 505 0# - تبصرة محتويات | |
| تبصرة المحتويات | Network Analysis in Criminal Intelligence -- Identifying mafia Bosses from Meeting Attendance -- Macrosocial Network Analysis: the Case of Transnational Drug Trafficking -- Policing the Hackers by Hacking them: Studying Online Deviants in IRC Chat Rooms -- Why Terror Networks are Dissimilar: How Structure Relates to Functions -- Social Network Analysis Applied to Criminal Networks: Recent Developments in Dutch Law Enforcement -- The Networked Mind- Collective Identities and the Cognitive-Affective Nature of Conflict -- Conflict Cessation and the Emergence of Weapons Supermarkets -- A Conspiracy of Bastards? -- Decision Support through Strongest Path Method Risk Analysis -- Critical Infrastructure and Vulnerability- a Relational Analysis through Actor Network Theory -- Dealing with Complexity: Thinking about Networks and the Comprehensive Approach. |
| 506 ## - تبصرة قيود الإتاحة | |
| تبصرة قيود الإتاحة | License restrictions may limit access. |
| 520 ## - تبصرة ملخص | |
| تبصرة ملخص | Networks and Network Analysis for Defence and Security discusses relevant theoretical frameworks and applications of network analysis in support of the defence and security domains. This book details real world applications of network analysis to support defence and security. Shocks to regional, national and global systems stemming from natural hazards, acts of armed violence, terrorism and serious and organized crime have significant defence and security implications. Today, nations face an uncertain and complex security landscape in which threats impact/target the physical, social, economic and cyber domains. Threats to national security, such as that against critical infrastructures not only stem from man-made acts but also from natural hazards. Katrina (2005), Fukushima (2011) and Hurricane Sandy (2012) are examples highlighting the vulnerability of critical infrastructures to natural hazards and the crippling effect they have on the social and economic well-being of a community and a nation. With this dynamic and complex threat landscape, network analysis has emerged as a key enabler in supporting defence and security. With the advent of 'big data' and increasing processing power, network analysis can reveal insights with regards to structural and dynamic properties thereby facilitating greater understanding of complex networks, their entities, interdependencies, vulnerabilities to produce insights for creative solutions. This book will be well positioned to inform defence, security and intelligence professionals and researchers with regards to leading methodologies and approaches. |
| 650 #0 - رأس موضوع - مصطلح موضوعي | |
| الموضوع | Physics. |
| 650 #0 - رأس موضوع - مصطلح موضوعي | |
| الموضوع | Social sciences |
| تقسيم فرعي عام | Data processing. |
| 650 #0 - رأس موضوع - مصطلح موضوعي | |
| الموضوع | Mathematics. |
| 650 #0 - رأس موضوع - مصطلح موضوعي | |
| الموضوع | Criminology. |
| 650 14 - رأس موضوع - مصطلح موضوعي | |
| الموضوع | Physics. |
| 650 24 - رأس موضوع - مصطلح موضوعي | |
| الموضوع | Complex Networks. |
| 650 24 - رأس موضوع - مصطلح موضوعي | |
| الموضوع | Computer Appl. in Social and Behavioral Sciences. |
| 650 24 - رأس موضوع - مصطلح موضوعي | |
| الموضوع | Criminology & Criminal Justice. |
| 650 24 - رأس موضوع - مصطلح موضوعي | |
| الموضوع | Game Theory, Economics, Social and Behav. Sciences. |
| 650 24 - رأس موضوع - مصطلح موضوعي | |
| الموضوع | Security Science and Technology. |
| 710 2# - مدخل اضافي - المؤلف اسم هيئة | |
| الاسم | SpringerLink (Online service) |
| 830 #0 - مدخل اضافي للسلسلة - عنوان موحد | |
| عنوان موحد | Lecture Notes in Social Networks, |
| 942 ## - مداخل إضافية خاصة بكوها | |
| Koha [default] item type | كتاب |
| 100 1# - المؤلف - اسم شخصي (مدخل رئيسي) | |
| -- | 48346 |
| 650 #0 - رأس موضوع - مصطلح موضوعي | |
| -- | 48347 |
| 650 #0 - رأس موضوع - مصطلح موضوعي | |
| -- | 48348 |
| 650 #0 - رأس موضوع - مصطلح موضوعي | |
| -- | 48349 |
| 650 #0 - رأس موضوع - مصطلح موضوعي | |
| -- | 48350 |
| 650 14 - رأس موضوع - مصطلح موضوعي | |
| -- | 48351 |
| 650 24 - رأس موضوع - مصطلح موضوعي | |
| -- | 48352 |
| 650 24 - رأس موضوع - مصطلح موضوعي | |
| -- | 48353 |
| 650 24 - رأس موضوع - مصطلح موضوعي | |
| -- | 48354 |
| 650 24 - رأس موضوع - مصطلح موضوعي | |
| -- | 48355 |
| 650 24 - رأس موضوع - مصطلح موضوعي | |
| -- | 48356 |
| 710 2# - مدخل اضافي - المؤلف اسم هيئة | |
| -- | 48357 |
| 773 0# - | |
| -- | Springer eBooks |
| 773 #0 - | |
| -- | SpringerLINK ebooks - Physics and Astronomy (2014) |
| 776 08 - | |
| -- | Printed edition: |
| -- | 9783319041469 |
| 830 #0 - مدخل اضافي للسلسلة - عنوان موحد | |
| -- | 48358 |
| حالة اﻹلغاء | مادة مفقودة | مصدر خطة التصنيف أو الترفيف | حالة التلف | غير مسموح باﻹعارة | موقع غير دائم | الموقع الحالي | تاريخ التزويد | إجمالي اﻹعارات | رقم الطلب بالكامل | الباركود | آخر تاريخ للعرض | رقم النسخة | السعر فعال من تاريخ | نوع المادة في كوها |
|---|---|---|---|---|---|---|---|---|---|---|---|---|---|---|
| Dewey Decimal Classification | Not For Loan | المكتبة المركزية بالمجمعة (CL) | المكتبة المركزية بالمجمعة (CL) | 2015-07-12 | 621 MAN | 00212221 | 2015-07-12 | 1 | 2015-07-12 | كتاب | ||||
| Dewey Decimal Classification | المكتبة المركزية بالمجمعة (CL) | المكتبة المركزية بالمجمعة (CL) | 2015-07-13 | 621 MAN | 00212406 | 2015-07-13 | 2 | 2015-07-13 | كتاب | |||||
| Dewey Decimal Classification | المكتبة المركزية بالمجمعة (CL) | المكتبة المركزية بالمجمعة (CL) | 2015-07-13 | 621 MAN | 00212407 | 2015-07-13 | 3 | 2015-07-13 | كتاب |
